[Event "Hoogovens-B"]
[Site "Wijk aan Zee"]
[Date "1996.01.22"]
[Round "6"]
[White "Nijboer, Friso"]
[Black "Bologan, Viktor"]
[Result "1-0"]
[WhiteElo "2475"]
[BlackElo "2590"]
[Annotator "Ribli,Z"]
[PlyCount "73"]
[EventDate "1996.01.16"]
[EventType "tourn"]
[EventRounds "11"]
[EventCountry "NED"]
[EventCategory "10"]
[SourceTitle "CBM 052"]
[Source "ChessBase"]
[SourceDate "1996.06.01"]
[SourceVersion "1"]
[SourceVersionDate "1996.06.01"]
[SourceQuality "1"]

1. e4 c5 2. Nf3 e6 3. d4 cxd4 4. Nxd4 a6 5. Bd3 g6 6. c4 Bg7 7. Nb3 Ne7 8. Nc3
Nbc6 9. Be2 O-O 10. O-O f5 (10... b6 11. Bg5 $5 h6 12. Be3 f5 13. Qd2 Kh7 14.
f3 fxe4 15. fxe4 Rxf1+ 16. Rxf1 Ne5 17. Na4 $14 {Anand,V-Bologan,V/Calcutta/
1992/EXP27/}) 11. a4 $5 $146 (11. c5 b6 12. cxb6 Qxb6 13. Be3 Qd8 14. Qd2 fxe4
15. Nxe4 d5 16. Nec5 Nf5 $13 {Psakhis,L- Oratovsky,M /Tel Aviv/1993/INF57,182/}
) 11... f4 $6 {Normaleweise spielt der Nachziehende schon früher b7-b6. Ich
verstehe nicht warum er sich seinen Damenflügel lahmlegen läßt.} (11... b6 $1)
12. a5 Be5 13. Bd2 Qc7 14. Na4 Rb8 15. c5 $1 f3 {Die ganze schwarze Aufbau
zielt auf diese Kombination.} 16. Bxf3 Bxh2+ 17. Kh1 Be5 18. Bc3 $1 {Schwarz
konnnte seinen f-Bauern gegen den weissen h-Bauern tauschen und hoffte auf
Königsangriff, aber er hatte sich geirrt.} d5 {Der Nachziehende opfert einen
Bauern seinen c8-Laeufer zu befreien.} 19. exd5 exd5 20. Bxd5+ Kh8 21. Bxc6
Bxc3 (21... Nxc6 22. Qd6 $16) 22. Qd6 $1 {Weiss hat einen Mehrbauern und
natürlich will er die Damen tauschen.} Be5 (22... Qxd6 23. cxd6 Nxc6 24. Nxc3
$16) 23. Qxc7 Bxc7 24. Bf3 Bd7 25. Rfe1 Nf5 26. Nb6 Bb5 27. Rad1 Nh4 28. Nd7 $1
Rxf3 {Schwarz versucht mit diesem Qualitaetsopfer im Trueben zu fischen.} (
28... Bxd7 29. Rxd7 Nxf3 30. gxf3 Bf4 31. Ree7 $18) (28... Nxf3 29. gxf3 Bc6
30. Nxf8 Bxf3+ 31. Kg1 Bxd1 32. Nd7 Bxb3 33. Nxb8 Bxb8 34. Re8+ $18) 29. gxf3
Rd8 30. Nb6 Rf8 31. Nd4 Nxf3 32. Nxb5 $1 {[#] Weiss gibt die Qualitaet zurück.
Er wird in einem gewonnenen Endspiel landen.} Bxb6 33. cxb6 Nxe1 34. Rxe1 axb5
35. Re7 Rb8 36. a6 $1 bxa6 37. b7 1-0

[Event "Amsterdam m"]
[Site "Amsterdam"]
[Date "1995.09.29"]
[Round "6"]
[White "Timman, Jan H"]
[Black "Piket, Jeroen"]
[Result "1-0"]
[WhiteElo "2595"]
[BlackElo "2625"]
[Annotator "Ribli,Z"]
[PlyCount "163"]
[EventDate "1995.09.??"]
[EventType "match"]
[EventRounds "10"]
[EventCountry "NED"]
[SourceTitle "CBM 050"]
[Source "ChessBase"]
[SourceDate "1996.02.01"]
[SourceVersion "1"]
[SourceVersionDate "1996.02.01"]
[SourceQuality "1"]

1. e4 c5 2. Nf3 e6 3. d4 cxd4 4. Nxd4 a6 5. Bd3 Bc5 6. c3 {Man spielt diesen
Zug in der letzter Zeit nicht.} d6 {Eine neue Idee: Der Nachziehende will eine
ganz normale sizilianische Stellung aufbauen.} (6... Nc6 $5 7. Be3 Qb6 8. Qb3
Qxb3 9. axb3 Bxd4 10. cxd4 Nb4 11. Kd2 Nxd3 12. Kxd3 d5 $10 {Taimanov}) 7. Nd2
Nf6 8. N2b3 {Der weisse Springer steht hier nicht besonders gut.} Ba7 9. Bg5 (
9. Be3 $5) 9... h6 10. Bh4 e5 $1 11. Nc2 Be6 12. Qe2 Nbd7 {Schwarz erreicht
eine typische "Najdorf" Position, aber jetzt steht sein Laeufer auf a7
guenstiger als auf e7.} 13. Bc4 $6 Qc7 14. Bxe6 fxe6 {Weiss hofft, dass die
Bauern d6 und e6 schwach werden, aber diese Hoffnung wird enttaeuscht.} 15.
O-O-O O-O {Schwarz hat die Eroeffnung zufriedenstellen geloest und er steht
mit seinem Bauernpulk im Zentrum schon leicht besser.} 16. Kb1 b5 17. f3 (17.
Qd3 d5 $15) 17... Nb6 18. Bf2 Rfc8 19. g4 $5 {Weiss sieht dem schwarzen
Koenigsangriff nicht tatenlos zu.} Nc4 20. Bxa7 Rxa7 21. g5 $5 {Für
Linieoeffnung opfert Timman einen Bauern und erhaelt Gegenspiel.} (21. h4 a5
22. g5 Nh5 23. gxh6 Nf4 24. Qf2 gxh6 $15 (24... a4 $5)) 21... hxg5 22. h4 gxh4
23. Rxh4 a5 24. Rdh1 Kf7 25. Rg1 Qb6 26. Qg2 Rg8 27. Rh8 $5 Kf8 $1 (27... a4 $4
28. Qg6+ Kf8 29. Qxf6+ $1 Rf7 (29... gxf6 30. Rhxg8+ Ke7 31. R1g7#) 30. Rxg7 $3
$18) 28. Rhh1 b4 (28... Rc7 $5 {Schwarz taete wohl besss daran, seine Stellung
erst noch zu verstaerken und sich die Option fuer beide Bauernzuege offen zu
halten: fuer a5-a4 und fuer b5- b4.}) 29. cxb4 axb4 30. Qf1 Qb5 31. Qe1 Qa4 (
31... Rxa2 $6 32. Kxa2 Qa4+ 33. Kb1 Qxb3 34. Qxb4 Qxb4 35. Nxb4 Nd2+ 36. Kc1
Nxf3 $44) 32. Nc1 Kf7 33. b3 (33. Qxb4 Qa6 $44) 33... Na3+ 34. Nxa3 Qxa3 35.
Rh2 Rc7 36. Qd2 Qa7 37. Rhg2 Qd4 38. Qg5 Rc3 39. Rd2 Qb6 40. Nd3 Ke7 $2 {
Dieser Zug hat zwei Fehler: 1. Schwarz kann mit seinem Koeing den d6-Bauern
nicht gut decken. 2. Sein Springer ist jetzt gefesselt.} (40... g6 $5 41. Nb2
Qe3 $1 42. Qxe3 Rxe3 43. Nc4 Rxf3 44. Rxd6 Nxe4 45. Nxe5+ Kf6 $1 46. Rxe6+ Kxe6
47. Nxf3 g5 $17) 41. Rgd1 {>< d6} Qb7 42. Nb2 Rxf3 43. Rxd6 Qxe4+ 44. Ka1 {
Droht /\ Rd7} Qb7 45. Qxe5 Re8 46. Rxe6+ Kf8 47. Rxe8+ Nxe8 48. Rh1 Qc6 49. Qd4
Kg8 50. Qxb4 Nd6 {Im Endergebnis hat Timman einen Bauern erobert, aber die
reduzierte Anzahl der Bauern ist starker Remisfaktor.} 51. Qh4 $6 {Weiss will
weiter angreiffen, aber seine Figuren stehen auf der h-Linie nicht gut.} (51.
Rd1 $5) 51... Nf7 52. Qh2 {Droht /\ Qb8} g5 $1 53. Nc4 g4 $1 54. Qh5 Qe4 55.
Rd1 g3 $1 {Dieser Bauer kann noch sehr gefaerhlich sein.} 56. Qh3 Qf4 57. Qe6 {
Nach seinen letzten sehr ungenauen Zuegen steht Weiss vor dem Verlust der
Partie.} g2 $4 {Ein unglaublicher Fehler, der den wertvollen Bauern einstellt.}
(57... Rf1 $1 {Schwarz sollte erst den Turm tauschen und dann ueberlegen, wie
er mit seinen starken Freibauern die Partie entscheiden kann.}) 58. Qg6+ Kf8
59. Qxg2 $18 {Der Rest der Partie bedarf keines Kommentars.} Rf2 60. Qa8+ Kg7
61. Qd5 Qh2 62. Rd2 Rxd2 63. Qxd2 Qg1+ 64. Kb2 Ng5 65. a4 Ne6 66. Qe3 Qh2+ 67.
Ka3 Kf6 68. a5 Qh1 69. Qc3+ Ke7 70. Nb6 Qf1 71. b4 Qd1 72. Qe3 Kf7 73. Qb3 Qa1+
74. Qa2 Qf1 75. Qc4 Qa1+ 76. Qa2 Qf1 77. Ka4 Ke7 78. Qc4 Qg1 79. Kb5 Qg5+ 80.
Ka6 Qe5 81. Qc6 Qb8 82. Nd5+ 1-0

[Event "Amsterdam m"]
[Site "Amsterdam"]
[Date "1995.10.01"]
[Round "8"]
[White "Timman, Jan H"]
[Black "Piket, Jeroen"]
[Result "1/2-1/2"]
[WhiteElo "2595"]
[BlackElo "2625"]
[Annotator "Ribli,Z"]
[PlyCount "113"]
[EventDate "1995.09.??"]
[EventType "match"]
[EventRounds "10"]
[EventCountry "NED"]
[SourceTitle "CBM 050"]
[Source "ChessBase"]
[SourceDate "1996.02.01"]
[SourceVersion "1"]
[SourceVersionDate "1996.02.01"]
[SourceQuality "1"]

1. e4 c5 2. Nf3 e6 3. d4 cxd4 4. Nxd4 a6 5. Bd3 Bc5 6. c3 d6 7. Qe2 $5 {
Timman verbessert die vor zwei Tagen gespielte Wettkampfpartie (06).} Ne7 8.
Bg5 $5 {Die neue Idee: Weiss entwickelt zuerst den Bc1 und erst dann den Nb1..}
h6 9. Bh4 Qc7 10. Nd2 Nbc6 11. Nxc6 Nxc6 12. f4 b5 13. Bf2 Bxf2+ 14. Qxf2 g5 $6
{Ein zweischneidiger Versuch, die Stellung zu verschaerfen.} (14... Bb7 $5) 15.
g3 $5 (15. fxg5 $6 Ne5 16. Be2 hxg5 $13) 15... Bb7 16. a4 $5 {Schwarz steht
jetzt vor einer schwierigen Entscheidung: 1.Wenn er a4 nimmt, dann bleibt der
a6-Bauer schwach. 2.Wenn er a4 nicht nimmt, dann ist der b5- Bauer schwach..}
gxf4 17. gxf4 Rg8 (17... bxa4 18. Rxa4 $14 {>< a6}) 18. axb5 axb5 19. Rxa8+
Bxa8 20. Rg1 $5 {Der einfachste Weg.} (20. Bxb5 Qa5 21. Bd3 Qa1+ 22. Nb1 Kd7 {
Droht /\ Rb8 mit einige Kompensation.}) 20... Rxg1+ 21. Qxg1 {Droht /\ Qg8} Ke7
22. Qf2 $1 Qa7 23. Qh4+ Kd7 24. Ke2 $16 {Weiss hat klaren Vorteil, weil seine
Figuren sehr gut postieren und seine alle Drohungen (/\ Bb5, Qh6 oder Qf6) der
Anziehende nicht parieren kann.} b4 25. Qf6 Kc8 26. Qxh6 bxc3 27. bxc3 Nd8 28.
Qh3 Bc6 29. Qg3 Qa5 30. f5 exf5 31. exf5 Nb7 32. Qg8+ Nd8 33. Qg3 Nb7 34. Qg7
Kb8 $1 35. Qh8+ (35. Qxf7 Qe5+) 35... Kc7 36. Qf6 Kb8 37. h4 $1 {Droht /\
einfach bis h8 maschieren.} Qa1 38. Bb1 (38. h5 Qh1 39. h6 Qh5+ {Mit guten
Remischancen.}) 38... Bb5+ 39. Kf2 Qa4 40. Qd4 Qd1 41. Be4 Qe2+ 42. Kg3 Qe1+
43. Qf2 Qc1 44. Qb6 $1 {Weiss gibt seinen Mehrbauern zurueck, aber jetzt hat
er eine toedliche Drohung} Qxc3+ 45. Nf3 $2 {Diese Ungenauigkeit kostet einen
halben Punkt.} (45. Bf3 $1 Qe5+ 46. Kg2 Qg7+ 47. Kh3 $18) 45... Qg7+ 46. Kf4
Qh6+ 47. Kg4 Qg7+ 48. Kf4 Qh6+ 49. Kg4 Qg7+ 50. Ng5 Be2+ $1 51. Kh3 Bf1+ 52.
Kg4 Be2+ 53. Kf4 Qe5+ 54. Ke3 d5 $1 $10 55. Kxe2 dxe4 56. Nxf7 Qd5 {Jetzt
droht schon Schwarz /\ Qd3 nebst e3.} 57. Nd8 1/2-1/2

[Event "Dresden zt 1.2"]
[Site "Dresden"]
[Date "1998.05.07"]
[Round "9"]
[White "Wahls, Matthias"]
[Black "Smirin, Ilia"]
[Result "1/2-1/2"]
[WhiteElo "2605"]
[BlackElo "2590"]
[Annotator "Ribli,Z"]
[PlyCount "134"]
[EventDate "1998.04.28"]
[EventType "swiss"]
[EventRounds "11"]
[EventCountry "GER"]
[SourceTitle "CBM 065"]
[Source "ChessBase"]
[SourceDate "1998.08.06"]
[SourceVersion "1"]
[SourceVersionDate "1998.08.06"]
[SourceQuality "1"]

{[%mdl 4608]} 1. e4 c5 2. Nf3 e6 3. d4 cxd4 4. Nxd4 a6 5. Bd3 Bc5 6. Nb3 Be7 {
Die prinzipiellere Fortsetzung wäre hier 6...Ba7, aber der Partiezug ist in
Mode. Es ist kein Tempoverlust des Schwarzen, daß er 5...Bc5 und 6...Be7
spielte, denn der weiße Springer steht auf b3 schlechter als auf d4. Ribli.} 7.
Qg4 (7. O-O Nc6 8. f4 d6 9. Qe2 Nf6 10. N1d2 Nb4 $10 {Arakhamia,K-Portisch,L/
Monaco/1994/CBM42/}) 7... g6 (7... Nf6 $6 {Dieser Zug gefällt mir nicht.
Schwarz erlangt keine ausreichende Kompensation für den geopferten Bauern.} 8.
Qxg7 (8. Qg3 d6 9. O-O O-O $13) 8... Rg8 9. Qh6 Nc6 10. Nc3 (10. O-O Ne5 11.
Qe3 (11. Nc3 b5 12. f3 b4 13. Nd1 d5 14. Qe3 Bb7 15. Nf2 Qc7 16. Qe2 Bd6 17. f4
Nxd3 18. cxd3 dxe4 19. dxe4 Bxf4 20. Bxf4 Qxf4 21. Nc5 Qg5 22. Nfd3 Rd8 23. Rf4
Bxe4 24. Rxe4 {1-0 Psakhis,L-Kurajica,B/Cap d'Agde op 1994 (31)}) 11... d5 12.
N1d2 b5 13. Nf3 Nxd3 14. cxd3 dxe4 15. dxe4 Bb7 16. Nfd2 Qc7 17. f3 Bd6 18. Qh6
{Wahls,M-Kurajica,B/Zaragoza op 1996/1/2-1/2 (66)}) 10... Rxg2 11. Qh3 (11. Bd2
d6 12. O-O-O Rg6 13. Qe3 Ng4 14. Qe2 Nge5 15. f4 Nxd3+ 16. Qxd3 b5 17. f5 Rg4
18. Rhg1 Ne5 19. Qh3 {1-0 Hernandez,G-Kurajica,B/Las Palmas op 1995 (32)})
11... Rg8 12. Be3 d5 $6 13. exd5 Nb4 14. O-O-O Nxd3+ 15. Rxd3 exd5 16. Qf3 Bg4
17. Qf4 Rc8 18. Re1 $16 {Van der Wiel,J-Kurajica,B/Pula 1997}) 8. Qe2 (8. Nc3
d6 9. Qe2 (9. f4 Nd7 10. O-O Ngf6 11. Qg3 Qc7 12. a4 b6 13. Bd2 Bb7 14. Rae1
Nc5 15. Nxc5 dxc5 16. b3 h5 {1/2-1/2 Smirin,I-Agrest,E/Corsica Rapid, Bastia
FRA 1997 (31)}) 9... Nd7 10. Bd2 Qc7 11. f4 Ngf6 12. g4 b5 13. a3 Bb7 14. g5
Nh5 15. Rf1 Nc5 16. Nxc5 dxc5 17. e5 Ng7 18. Be4 O-O 19. Bxb7 Qxb7 20. Ne4 Rad8
21. O-O-O b4 {1/2-1/2 Gofshtein,L-Glek,I/NRW-Cup Masters op 1997 (44)}) 8... d6
9. O-O Nd7 {Schwarz entwickelt zuerst seinen Damenflügel, denn nach ...Ngf6
wäre Bh6 stets unangenehm.} (9... Nf6 10. Bh6 $14 {[%csl Re8,Gh6]}) 10. Nc3 Qc7
11. Bd2 {Weiß wählt einen guten Aufbau. 11.Be3 hätte den Nachteil, daß e4-e5
nicht so leicht möglich wäre.} (11. a4 b6 12. Kh1 Bb7 13. Bd2 h5 14. Nd1 Ngf6
15. Bc3 h4 16. f4 h3 17. g3 e5 18. fxe5 dxe5 19. Nf2 Nf8 20. Nd2 Ne6 {0-1
Linsky,O-Gofshtein,L/Quebec op 1997 (43)}) 11... b6 (11... b5 12. a4 b4 13. Na2
{[%csl Rb4]} a5 14. c3 bxc3 15. Nxc3 $14 {[%csl Yb5][%cal Rc3b5]}) 12. Rae1 Bb7
13. f4 (13. Kh1 $5) 13... Ngf6 {Schwarz kann jetzt den Springer entwickeln,
denn Weiß hat nicht mehr die Möglichkeit Bh6.} 14. e5 $13 Nd5 (14... dxe5 $6 {
Die Öffnung der f-Linie ist zum weißen Vorteil.} 15. fxe5 Nd5 16. Nxd5 (16. Be4
Nxc3 17. Bxc3 (17. Qf3 $2 {[%cal Rf1f7,Rf3b7]} Nxe4 $19) 17... O-O $11 {
[%csl Rb3,Rc3,Re5]}) (16. Ne4 $13 Nxe5 (16... Qxe5 17. c4 $44)) 16... Bxd5 17.
Bh6 $5 $14 {[%csl Re8]} (17. Bxa6 Qxc2 $13)) 15. Nxd5 (15. Ne4 dxe5 (15... O-O
$2 16. c4) 16. fxe5 Nxe5) 15... Bxd5 16. Bc3 (16. exd6 Bxd6 17. c4 (17. Bc3 O-O
$15) 17... Bb7 18. Bc3 O-O 19. Qg4 Nc5 20. Nxc5 Bxc5+ 21. Kh1 Rad8 22. Rd1 Rd7
23. Qh3 Rfd8 24. Bxg6 Bxg2+ 25. Qxg2 hxg6 {0-1 Torres,J-Smirin,I/NY op 1998 
(37)}) (16. Bxa6 Qxc2 $13 {[%csl Gc2,Gd5,Re8]}) 16... dxe5 (16... O-O $5) 17.
Bxa6 (17. fxe5 O-O 18. Bxa6 Rxa6 19. Qxa6 Bc4 {und mit Zugumstellung erreichen
wir die Partiefortsetzung.}) 17... O-O 18. fxe5 (18. Bd3 exf4 $17) (18. Bxe5
Nxe5 19. fxe5 Rxa6 (19... Qa7 $5 {[%csl Ra2][%cal Ra8a2]}) 20. Qxa6 Bc4 $15 {
[%csl Ra6,Gc4,Re5,Ge7,Rf1,Rg1]}) 18... Rxa6 19. Qxa6 Bc4 {[%csl Ra6,Gc4,Rf1]
Die weiße Dame steht sehr schlecht und Weiß hat praktisch nur einzige Züge.}
20. Qa4 b5 $1 (20... Bxf1 21. Kxf1 $14 {Weiß besitzt einen Mehrbauern, aber
seine Figuren am Damenflügel stehen ein wenig passiv und der Bauer e5 ist
schwach.} (21. Rxf1 $2 Nxe5 $11)) 21. Qa5 (21. Qa6 $2 b4 $19 {[%cal Rc4a6,
Rc4f1,Rb4c3]}) 21... Qc6 $1 (21... Qb7 22. Rd1 Bxf1 (22... Ra8 $2 23. Rxd7 $18
{Das ist ein großer Unterschied. Mit der Dame auf c6 - wie in der Partie -
hängt der Springer d7 nicht mit Tempo.}) 23. Kxf1 $14) 22. Bd2 (22. Nd4 Qb7 $36
{[%csl Ra5][%cal Rf8a8,Ra8a5]} 23. b3 Ra8 24. Qxa8+ Qxa8 25. bxc4 b4) (22. Bd4
b4 $5 {[%csl Ra5][%cal Rf8a8,Ra8a5]} (22... Bxf1 23. Kxf1 Ra8 24. Qc3 Qxc3 25.
Bxc3 b4 26. Bd4 Rxa2 $15)) 22... b4 $17 {[%csl Ra5][%cal Rf8a8,Ra8a5] Dieser
Zug verhindert 23.Qc3 und es droht 23...R a8 mit Damenfang.} (22... Ra8 $2 23.
Qc3 $16) 23. Nd4 $8 Bc5 $1 {[%csl Ra5,Rg1]} (23... Qb7 $6 24. Qa4 $14 {[%cal
Ga4c6]}) 24. Be3 Qb7 (24... Bxd4 $2 25. Bxd4 Ra8 26. Qxb4 $16) (24... Qd5 $5 {
[%csl Ra5,Rg1][%cal Gd5a5]} 25. Rf2 (25. Rf4 $5 Bxd4 {[%cal Rd5a5]} 26. Qxd5
Bxe3+ 27. Rxe3 Bxd5 (27... exd5 28. b3 {[%csl Rb4][%cal Rf4b4]}) 28. Rxb4 $14)
25... Ra8 (25... Bxd4 26. Qxd5 Bxd5 27. Bxd4 $16) 26. Qc7 Bxd4 (26... Bb6 27.
Qc6) 27. Rd1 Rxa2 $1 $17 28. Bxd4 Qxd4 29. Qxd7 (29. Rxd4 Ra1+ $19) 29... Qxd7
30. Rxd7 Ra1+ $19) 25. Nb3 Bxe3+ 26. Rxe3 Bxf1 $6 {Auch nach diesem
natürlichen Zug erlangt Schwarz Vorteil, aber die Alternative 26...R a8 wäre
besser.} (26... Ra8 $5 27. Rf4 (27. Nc5 Qd5 (27... Qc6) (27... Rxa5 28. Nxb7 {
[%cal Rb7a5]} Rxa2 29. Rd1 $16) (27... Qb8 $4 28. Nxd7 $18) 28. Qxa8+ Qxa8 29.
Nxd7 Bxf1 30. Kxf1 Qxa2 $19) (27. Rd1 Rxa5 28. Nxa5 Qa7 {[%csl Ra5,Ga7,Re3,Rg1]
[%cal Ra7e3,Ra7a5]} 29. Nxc4 Nxe5 $19) 27... Rxa5 (27... Bxb3 28. Qxb4 Qxb4 29.
Rxb4 Bxc2 $13) 28. Nxa5 Qa7 29. Nxc4 Nxe5 {[%csl Ga7,Rc4,Re3,Ge5,Rg1]} 30. Kf2
$13) 27. Kxf1 Ra8 {[%csl Ra5]} 28. Nc5 Rxa5 $2 (28... Qd5 $5 {[%csl Ra5,Rc5]}
29. Qxa8+ (29. Qxb4 Nxc5 $19 {[%csl Rf1]}) 29... Qxa8 30. Nxd7 Qxa2 {Weiß hat
etwas Gegenspiel mit folgendem Nf6, aber der schwarze Materialvorteil wird
früher oder später verwertbar sein.} 31. Nf6+ Kg7 32. c3 Qb1+ (32... b3 33. Re2
) 33. Re1 Qxb2 34. cxb4 Qxb4 $11 {Smirin}) 29. Nxb7 Rxa2 $15 {[%csl Ga2,Rb2,
Rc2] Nach großen Komplikationen steht Schwarz aktiver. Der Bauer e5 ist
schwach und der Springer auf b7 steht unglücklich.} 30. Rb3 Ra4 {[%csl Re5]} (
30... Nxe5 $6 31. Rxb4 $13 {[%csl Gb2,Gc2]}) 31. Re3 Ra7 {[%csl Rb7]} (31...
Ra2 {mit Zugwiederholung.} 32. Rb3) 32. Nd6 (32. Nd8 Rc7 $17 {[%csl Rd8]})
32... Rc7 {[%cal Rc7c2]} 33. Re2 (33. c3 bxc3 34. bxc3 Rc5 $17 {[%csl Gc5,Gd7,
Re5] und Weiß verliert seinen Schlüsselbauern.}) 33... Rc6 {[%csl Gc6,Rd6,Gd7,
Re5] Es droht 34...Nxe5 mit Bauerngewinn, so daß der Springer d6 ziehen muß.}
34. Ne8 {[%csl Re8]} h6 $5 {Schwarz plant mit 35...g5, 36...Kh7 und 37...Kg6
seine Königsstellung zu verbessern.} (34... Rc5 {[%csl Re5]} 35. Nf6+ Nxf6 36.
exf6 $15) 35. Ke1 (35. Nf6+ $6 Nxf6 36. exf6 g5 $17 {[%csl Rf6][%cal Rg8h7,
Rh7g6,Rg6f6]}) (35. h4) 35... g5 36. Kd2 {[%csl Gd2]} Kh7 {[%csl Re8,Gh7]} 37.
Re4 {[%csl Rb4][%cal Re4b4]} Kg6 (37... Rb6 38. g4 {und der schwarze König
gelangt nicht nach f5.} (38. Nd6 $6 Nxe5 $17)) 38. Rxb4 (38. g4 Rc5 $15 {
[%csl Re5]}) 38... Nxe5 {Weiß besitzt hier zwar zwei Freibauern, aber der
Springer e8 steht katastrophal und Schwarz hat die aktivere Stellung.} 39. b3
$1 {Ein guter Verteidigungszug. Weiß läßt die Möglichkeit ...Nc4 nicht zu.} (
39. c3 Rc8 40. Nd6 Rd8 41. Rd4 Rxd6 42. Rxd6 Nc4+ $19 {[%cal Rc4d2,Rc4d6]})
39... f5 (39... Rc8 40. Nd6 Rd8 41. Rd4) 40. Rb7 f4 {[%csl Gf4,Gg5]} 41. c4 g4
{[%csl Gf4,Gg4] Die schwarzen Freibauern werden vom König unterstützt und sind
gefährlich.} 42. Rg7+ Kf5 43. c5 $1 $11 {Das spezielle Zusammenspiel des
Springers mit dem Turm gewährleisten den Ausgleich.} f3 (43... Rxc5 44. Nd6+
Kf6 45. Ne8+ {mit einem orginellen Dauerschachmotiv!}) 44. gxf3 Nxf3+ (44...
gxf3 45. Ke3 Rxc5 46. Nd6+ Kf6 47. Ne8+ $11) 45. Ke3 Rxc5 46. Nd6+ Ke5 (46...
Kf6 $5 47. Ne8+ (47. Rxg4 {[%csl Rf3][%cal Rd6e4,Re4c5,Re4f6]} Rc3+ 48. Ke4
Rxb3 49. Rf4+ Ke7 $15) 47... Ke5 48. Rxg4) 47. Nc4+ Kf6 (47... Kf5 48. Nd6+)
48. Rxg4 Nxh2 49. Rh4 $14 {[%cal Rh4h2,Rh4h6] Schwarz besitzt noch einen
Mehrbauern, aber seinem Springer ist der Rückzug verwehrt.} Nf1+ 50. Kf2 Kg5 (
50... Rf5+ 51. Kg2 $16 {[%csl Rf1]}) 51. Re4 Rb5 $1 {[%csl Rb3]} 52. Kxf1 Rxb3
$11 {Schwarz hat zwei Bauern für den Springer. Theoretisch ist dabei das
Endspiel Turm und Springer gegen Turm remis, aber die Verteidiger muß präzise
spielen. Z.B. hat Kasparov dieses Endspiel 1996 in Dos Hermanas einmal gegen J.
Polgar gewonnen.} 53. Rxe6 h5 54. Nd2 {In der Großmeisterpraxis muß dieses
Endspiel auch ohne den schwarzen h-Bauern remis enden. Ich bin dabei nicht
sicher, ob Weiß den h-Bauern überhaupt gewinnen kann. Das erleichtert jedoch
die schwarze Remisführung.} Ra3 55. Kg1 h4 56. Re4 Rd3 57. Nf1 Ra3 {[%cal
Ga3h3]} 58. Ne3 Ra1+ 59. Kf2 Ra2+ {Der schwarze Turm steht aktiv. Weiß kommt
nicht voran.} 60. Kf3 h3 {[%csl Gh3]} 61. Rg4+ Kh5 62. Rg8 (62. Kg3 h2 63. Rh4+
(63. Ng2 Rxg2+ $11) (63. Nf1 $4 h1=Q $19) 63... Kg5 64. Rh8 Ra3 65. Kf3 Ra2)
62... h2 63. Rh8+ Kg5 64. Nf1 Ra3+ 65. Kg2 Ra2+ 66. Kg3 $6 (66. Kh1 Ra1 67. Rf8
$5 {Und Weiß kann noch 50 Züge spielen, aber die Stellung ist natürlich remis.}
) 66... Ra8 $1 67. Rxh2 (67. Rh7 Ra7 $11) (67. Rh3 Ra3+ $11) (67. Rxa8 h1=Q $11
) 67... Ra3+ {und es wurde remis vereinbart, denn Schwarz tauscht den Turm.} (
67... Ra3+ 68. Kg2 Ra2+ 69. Kg1 Rxh2 $11) 1/2-1/2